Rosa SSC Napoli 2025-2026 - Statistics

Statistiche generali
  • Questo quiz è stato fatto 74 volte
  • Il punteggio medio è 22 su 26
Statistiche sulle risposte
Ruolo N° Maglia Giocatore % Corretto
P 1 Alex Meret
100%
A 9 Romelu Lukaku
98%
D 4 Alessandro Buongiorno
95%
C 20 Eljif Elmas
95%
C 8 Scott McTominay
95%
C 68 Stanislav Lobotka
95%
P 32 Vanja Milinković-Savić
93%
A 7 David Neres
91%
C 99 Frank Anguissa
91%
D 17 Mathías Olivera
91%
A 19 Rasmus Højlund
91%
D 5 Juan Jesus
90%
C 11 Kevin De Bruyne
90%
D 22 Giovanni Di Lorenzo
88%
A 21 Matteo Politano
88%
D 13 Amir Rrahmani
86%
A 27 Alisson Santos
84%
D 37 Leonardo Spinazzola
84%
C 6 Billy Gilmour
83%
D 3 Miguel Gutiérrez
81%
A 26 Antonio Vergara
76%
P 14 Nikita Contini
71%
D 31 Sam Beukema
71%
D 30 Pasquale Mazzocchi
69%
A 23 Giovane Santana Do Nascimento
64%
P 25 Mathias Ferrante
31%
Nessun quiz corrispondente trovato
Distribuzione punteggi
Percentuale di utenti per punteggio
Percentile per numero di risposta
I tuoi punteggi nel tempo
Non hai fatto questo quiz